All South American Premier League players ever - Statistics

General Stats
  • This quiz has been taken 75 times
    23 since last reset
  • The average score is 128 of 333
Answer Stats
Nation Clubs Years Answer % Correct
Argentina Arsenal, Aston Villa 2014-15, 2016-17, 2019-present Emiliano Martinez
100%
Argentina Manchester United 2022-present Lisandro Martinez
100%
Uruguay West Brom 2005-06 Williams Martinez
100%
Argentina Chelsea 2022-present Enzo Fernandez
95%
Argentina Brighton, Liverpool 2019-present Alexis Mac Allister
90%
Chile Arsenal, Manchester United 2014-19 Alexis Sanchez
90%
Brazil Everton 2006-07 Anderson Silva
90%
Colombia Aston Villa, West Ham 2014-16, 2018-20 Carlos Sanchez
90%
Argentina Spurs 2021-present Cristian Romero
90%
Uruguay Portsmouth 2005-06 Dario Silva
90%
Colombia Spurs 2017-24 Davinson Sanchez
90%
Argentina Swansea, Newcastle 2014-22 Federico Fernandez
90%
Brazil Arsenal 2002-08 Gilberto Silva
90%
Colombia Everton 2020-21 James Rodriguez
90%
Paraguay Sunderland 2009-11 Paulo da Silva
90%
Argentina Man City 2011-21 Sergio Aguero
90%
Argentina Manchester United 2015-18 Sergio Romero
90%
Brazil Chelsea 2020-24 Thiago Silva
90%
Brazil Chelsea, Arsenal, Fulham 2013-21, 2022-present Willian
90%
Argentina West Ham, Man United, Man City 2006-13 Carlos Tevez
86%
Brazil Chelsea, Arsenal 2011-14, 2016-21 David Luiz
86%
Brazil Aston Villa, Forest 2019-24, 2025-present Douglas Luiz
86%
Brazil Man City 2013-22 Fernandinho
86%
Brazil Man City, Arsenal 2016-present Gabriel Jesus
86%
Brazil Forest 2025-present Igor Jesus
86%
Brazil Liverpool 2018-present Alisson
81%
Brazil Manchester United 2018-23 Fred
81%
Brazil Arsenal 2020-present Gabriel
81%
Brazil Arsenal 2019-present Gabriel Martinelli
81%
Argentina West Ham 2024-26 Guido Rodriguez
81%
Uruguay Liverpool 2010-14 Luis Suarez
81%
Argentina Liverpool 2009-12 Maxi Rodriguez
81%
Colombia Manchester United, Chelsea 2014-16 Radamel Falcao
81%
Argentina Manchester United, Chelsea 2021-present Alejandro Garnacho
76%
Brazil Manchester United 2007-15 Anderson
76%
Brazil Manchester United 2022-present Casemiro
76%
Brazil Man City 2017-25 Ederson
76%
Argentina Norwich, Aston Villa 2019-20, 2021-23, 2024-present Emiliano Buendia
76%
Brazil West Ham 2018-21 Felipe Anderson
76%
Brazil Spurs, Watford 2008-11, 2015-18 Heurelho Gomes
76%
Brazil Forest 2025-present Jair Cunha
76%
Argentina West Ham, Liverpool 2006-11 Javier Mascherano
76%
Brazil Man City, Everton 2008-11 Jo
76%
Brazil Wolves 2022-present Joao Gomes
76%
Brazil Newcastle 2019-present Joelinton
76%
Argentina Man City 2022-24 Julian Alvarez
76%
Brazil Wolves, Manchester United 2022-present Matheus Cunha
76%
Argentina Man City, West Ham 2008-20 Pablo Zabaleta
76%
Argentina Sunderland 2014-15 Ricky Alvarez
76%
Brazil Man City 2024-present Savinho
76%
Ecuador Wigan, Man United 2006-19 Antonio Valencia
71%
Uruguay Manchester United 2001-05 Diego Forlan
71%
Uruguay Manchester United 2020-22 Edinson Cavani
71%
Ecuador West Ham, Everton 2014-17 Enner Valencia
71%
Argentina Man City 2015-20 Nicolas Otamendi
71%
Brazil Liverpool, Aston Villa 2012-18, 2021-24 Philippe Coutinho
71%
Brazil Watford, Everton, Spurs 2017-present Richarlison
71%
Venezuela West Brom, Newcastle, Everton 2015-19, 2021-23 Salomon Rondon
71%
Argentina Manchester United 2014-15 Angel Di Maria
67%
Brazil Manchester United 2022-25 Antony
67%
Chile Sheff Utd, Southampton 2023-25 Ben Brereton Diaz
67%
Brazil Newcastle 2021-present Bruno Guimaraes
67%
Chile Man City 2016-18, 2019-20 Claudio Bravo
67%
Paraguay Brighton 2024-present Diego Gomez
67%
Argentina Arsenal 1998-99 Fabian Caballero
67%
Brazil Man City 2014-17 Fernando
67%
Brazil Spurs 2017-23 Lucas Moura
67%
Colombia Liverpool 2021-25 Luis Diaz
67%
Uruguay Manchester United 2024-present Manuel Ugarte
67%
Brazil Chelsea 2012-17 Oscar
67%
Brazil Liverpool 2015-23 Roberto Firmino
67%
Brazil Man City 2008-10 Robinho
67%
Uruguay Spurs 2021-present Rodrigo Bentancur
67%
Argentina Man City, Chelsea, Southampton 2014-22 Willy Caballero
67%
Brazil Chelsea 2007-12 Alex
62%
Uruguay Liverpool 2022-present Darwin Nunez
62%
Brazil Liverpool 2018-23 Fabinho
62%
Brazil Manchester United, QPR, Cardiff, Middlesbrough 2009-14, 2016-17 Fabio
62%
Ecuador Man City 2007-09 Felipe Caicedo
62%
Argentina Chelsea 2018-19 Gonzalo Higuain
62%
Brazil Liverpool 2007-17 Lucas Leiva
62%
Ecuador Brighton, Chelsea 2021-present Moises Caicedo
62%
Ecuador Arsenal 2025-present Piero Hincapie
62%
Brazil Chelsea 2010-16 Ramires
62%
Uruguay Hull City 2014-15, 2016-17 Abel Hernandez
57%
Colombia Watford 2021-22 Cucho Hernandez
57%
Brazil Man City 2017-19 Danilo
57%
Brazil Forest 2022-25 Danilo
57%
Brazil Chelsea 2025-present Estevao
57%
Brazil Chelsea 2014-15 Filipe Luis
57%
Brazil Brentford 2024-present Igor Thiago
57%
Brazil Brentford 2024-present Igor Thiago
57%
Colombia Chelsea 2014-16 Juan Cuadrado
57%
Paraguay Newcastle 2018-25 Miguel Almiron
57%
Brazil Manchester United 2008-15 Rafael
57%
Colombia Everton 2018-23 Yerry Mina
57%
Brazil Spurs, Fulham 2020-21, 2022-24 Carlos Vinicius
52%
Colombia Arsenal 2014-18 David Ospina
52%
Colombia Bournemouth, Crystal Palace 2018-20, 2022-present Jefferson Lerma
52%
Brazil Watford, Brighton, Chelsea 2019-20, 2021-22, 2023-present Joao Pedro
52%
Argentina Manchester United, Chelsea 2001-04 Juan Sebastian Veron
52%
Brazil West Ham 2022-present Lucas Paqueta
52%
Argentina Manchester United 2014-20 Marcos Rojo
52%
Argentina Man City 2013-16 Martin Demichelis
52%
Brazil Bournemouth 2022-25 Neto
52%
Brazil Leeds 2020-22 Raphinha
52%
Brazil Everton 2020-22 Allan
48%
Paraguay Wigan, Everton 2010-15 Antolin Alcaraz
48%
Argentina Southampton, Everton 2022-23, 2024-present Carlos Alcaraz
48%
Brazil Aston Villa 2022-25 Diego Carlos
48%
Argentina Spurs 2013-21 Erik Lamela
48%
Argentina Leicester 2014-15 Esteban Cambiasso
48%
Uruguay Manchester United 2022-24 Facundo Pellistri
48%
Argentina Chelsea 2003-04, 2005-06 Hernan Crespo
48%
Uruguay Arsenal 2018-20 Lucas Torreira
48%
Argentina Bournemouth 2022-present Marcos Senesi
48%
Brazil Forest 2023-present Murillo
48%
Brazil Manchester United, Fulham 2014-16, 2018-20, 2022-25 Andreas Pereira
43%
Brazil Everton 2018-21 Bernard
43%
Colombia Crystal Palace 2023-present Daniel Munoz
43%
Brazil Forest 2022-24 Felipe
43%
Argentina Chelsea, Blackburn, Wigan 2008-13 Franco Di Santo
43%
Argentina Manchester United 2004-07 Gabriel Heinze
43%
Brazil Arsenal 2014-17 Gabriel Paulista
43%
Brazil Spurs 2007-10 Gilberto
43%
Brazil Bolton 2004-05 Julio Cesar
43%
Brazil QPR 2012-13 Julio Cesar
43%
Paraguay Brighton, Ipswich 2022-25 Julio Enciso
43%
Argentina Leicester, Brighton 2014-18 Leonardo Ulloa
43%
Argentina West Ham 2015-23 Manuel Lanzini
43%
Brazil Manchester United 2020-22 Alex Telles
38%
Brazil Wolves 2024-present Andre
38%
Brazil Arsenal 2011-13 Andre Santos
38%
Brazil Forest 2023-24, 2025-present Andrey Santos
38%
Argentina Man City 2024-25 Claudio Echeverri
38%
Peru Chelsea 2007-09 Claudio Pizarro
38%
Brazil Middlesbrough 1996-97 Emerson
38%
Paraguay Wolves 2023-24 Enso Gonzalez
38%
Brazil Bournemouth 2024-present Evanilson
38%
Argentina Newcastle 2008-09, 2010-16 Fabricio Coloccini
38%
Argentina Brighton, Leicester, Chelsea, Leeds 2022-present Facundo Buonanotte
38%
Argentina Spurs 2019-22, 2023-24 Giovani Lo Celso
38%
Uruguay Newcastle 2008-09 Ignacio Gonzalez
38%
Brazil Brighton, West Ham 2023-present Igor Julio
38%
Argentina Newcastle, Norwich 2008-09, 2010-15 Jonas Gutierrez
38%
Brazil Arsenal 2006-07 Julio Baptista
38%
Brazil Middlesbrough 1995-97, 1999-2000, 2002-04 Juninho
38%
Brazil Chelsea, Watford, Newcastle 2015-19, 2021-22 Kenedy
38%
Chile Liverpool 2006-07 Mark Gonzalez
38%
Brazil West Brom 2020-21 Matheus Pereira
38%
Argentina Birmingham, West Ham, QPR, Watford 2007-08, 2014-17 Mauro Zarate
38%
Brazil Spurs 2013-15 Paulinho
38%
Argentina Southampton, Spurs 2012-16, 2017-20 Paulo Gazzaniga
38%
Ecuador Brighton 2022-25 Pervis Estupinan
38%
Paraguay Blackburn, Man City 2007-11 Roque Santa Cruz
38%
Brazil Spurs, QPR, West Brom 2010-16 Sandro
38%
Uruguay Wolves 2023-present Santiago Bueno
38%
Brazil Spurs 2025-present Souza
38%
Brazil Sheff Utd 2023-24 Vinicius Souza
38%
Uruguay West Ham 2008-09 Walter Alberto Lopez
38%
Brazil Aston Villa 2019-22 Wesley
38%
Brazil Chelsea 2015-16 Alexandre Pato
33%
Ecuador Birmingham 2009-10 Christian Benitez
33%
Chile Man City 2011-12 David Pizarro
33%
Uruguay West Ham 2014-15 Diego Poyet
33%
Brazil Arsenal 2000-05 Edu
33%
Argentina Spurs 2014-15 Federico Fazio
33%
Uruguay Southampton, Hull, Middlesbrough 2012-17 Gaston Ramirez
33%
Uruguay Chelsea, Spurs 1997-2004 Gus Poyet
33%
Brazil Brentford 2024-present Gustavo Nunes
33%
Colombia Aston Villa 2022-25 Jhon Duran
33%
Brazil Chelsea 2007-10 Juliano Belletti
33%
Chile West Ham 2009-10 Luis Jimenez
33%
Brazil Man City 2012-13 Maicon
33%
Brazil Arsenal 2022-23 Marquinhos
33%
Argentina Man City 2022-23 Maximo Perrone
33%
Brazil Forest 2024-present Morato
33%
Argentina Forest 2023-present Nicolas Dominguez
33%
Argentina Everton 2015-18 Ramiro Funes Mori
33%
Brazil Bournemouth 2025-present Rayan
33%
Brazil Arsenal, Man City 1999-2001, 2009-10 Sylvinho
33%
Argentina West Ham 2025-present Taty Castellanos
33%
Argentina Crystal Palace 2025-present Walter Benitez
33%
Colombia Wolves 2024-present Yerson Mosquera
33%
Brazil Middlesbrough 2007-09 Afonso Alves
29%
Argentina Spurs 2023-24 Alejo Veliz
29%
Brazil Chelsea 2023-24 Deivid Washington
29%
Brazil Arsenal 2006-11 Denilson
29%
Brazil Spurs 2021-24 Emerson Royal
29%
Paraguay West Ham 2018-21 Fabian Balbuena
29%
Brazil Liverpool 2006-11 Fabio Aurelio
29%
Colombia Newcastle 1995-98 Faustino Asprilla
29%
Argentina Forest 2023-24 Gonzalo Montiel
29%
Ecuador Brighton 2021-23, 2024-25 Jeremy Sarmiento
29%
Argentina Crystal Palace 2004-05, 2013-16, 2017-19 Julian Speroni
29%
Brazil Man City 2021-22 Kayky
29%
Brazil Manchester United 2003-05 Kleberson
29%
Brazil Leeds 2025-present Lucas Perri
29%
Brazil Chelsea 2012-13 Lucas Piazon
29%
Brazil West Ham 2024-26 Luis Guilherme
29%
Colombia Leeds, Bournemouth 2022-present Luis Sinisterra
29%
Brazil Crystal Palace 2023-25 Matheus Franca
29%
Chile QPR 2014-15 Mauricio Isla
29%
Argentina Watford 2016-20 Roberto Pereyra
29%
Brazil Everton 2002-03 Rodrigo
29%
Uruguay Liverpool, Sunderland 2011-13, 2014-16 Sebastian Coates
29%
Uruguay Middlesbrough 2016-17 Cristhian Stuani
24%
Brazil Man City 2007-09 Elano
24%
Chile Cardiff 2013-14 Gary Medel
24%
Brazil Man City, Hull 2007-10 Geovanni
24%
Colombia Brighton 2017-19, 2020-21 Jose Izquierdo
24%
Colombia Aston Villa 2000-07 Juan Pablo Angel
24%
Brazil Fulham 2025-present Kevin
24%
Peru Newcastle, Aston Villa, West Ham 1998-2008 Nolberto Solano
24%
Brazil Leicester 2022-23 Tete
24%
Uruguay Ipswich 1994-95 Adrian Paz
19%
Brazil Aston Villa 2025-present Alysson
19%
Argentina West Brom 2012-18 Claudio Yacob
19%
Brazil Liverpool 2011-12 Doni
19%
Chile QPR 2014-15 Eduardo Vargas
19%
Brazil Sheff Wed, Chelsea, Sunderland, Bolton 1997-2004 Emerson Thome
19%
Argentina Liverpool 2006-10 Emiliano Insua
19%
Brazil Middlesbrough 2005-08 Fabio Rochemback
19%
Brazil Wolves 2020-22 Fernando Marcal
19%
Chile Birmingham, Wigan 2010-13 Jean Beausejour
19%
Brazil Forest 2025-present John Victor
19%
Colombia Watford 2016-17 Juan Camilo Zuniga
19%
Argentina Spurs 2018-22 Juan Foyth
19%
Argentina Bournemouth 2024-present Julio Soler
19%
Brazil Southampton 2021-23 Lyanco
19%
Brazil Bolton 2003-04 Mario Jardel
19%
Argentina Arsenal 1998-2001 Nelson Vivas
19%
Paraguay Sunderland 2025-present Omar Alderete
19%
Brazil Wolves 2024-present Pedro Lima
19%
Argentina Brighton 2023-24 Valentin Barco
19%
Brazil Burnley 2023-24 Vitinho
19%
Brazil Man City 2024-25 Vitor Reis
19%
Peru Coventry 1999-2001 Ysrael Zuniga
19%
Peru Watford 2017-18 Andre Carrillo
14%
Brazil Brighton 2018-21 Bernardo
14%
Argentina Newcastle 2000-02 Christian Bassedas
14%
Chile Newcastle 2000-03 Clarence Acuna
14%
Brazil Newcastle 2007-09 Claudio Cacapa
14%
Venezuela Fulham 2013-14 Fernando Amorebieta
14%
Ecuador Burnley 2009-10 Fernando Guerrero
14%
Chile Watford 2021-22 Francisco Sierralta
14%
Argentina Southampton 2017-18 Guido Carrillo
14%
Uruguay Manchester United 2015-16 Guillermo Varela
14%
Brazil Forest 2022-23 Gustavo Scarpa
14%
Colombia Wigan, Fulham 2008-14 Hugo Rodallega
14%
Bolivia Middlesbrough 1995-96 Jaime Moreno
14%
Argentina West Ham 2016-17 Jonathan Calleri
14%
Paraguay Bournemouth 2015-16 Juan Iturbe
14%
Argentina Sunderland, Middlesbrough 2000-03, 2005-09 Julio Arca
14%
Brazil Burnley 2025-present Lucas Pires
14%
Argentina Norwich 2012-14 Luciano Becchio
14%
Argentina Fulham 2018-19 Luciano Vietto
14%
Bolivia Wigan 2009-10 Marcelo Moreno
14%
Argentina Fulham 2002-03 Martin Herrera
14%
Argentina Liverpool 2004-05 Mauricio Pellegrino
14%
Uruguay Watford 2015-19 Miguel Britos
14%
Brazil Chelsea 2008-09 Mineiro
14%
Paraguay Forest 2024-present Ramon Sosa
14%
Brazil Forest 2022-23 Renan Lodi
14%
Brazil Fulham 2023-present Rodrigo Muniz
14%
Brazil Leeds 2003-04 Roque Junior
14%
Argentina Sunderland 2013-15 Santiago Vergini
14%
Colombia Brighton 2019-22 Steven Alzate
14%
Brazil Southampton 2024-25 Wellington
14%
Ecuador Southampton 2001-04 Agustin Delgado
10%
Argentina QPR 2011-13, 2014-15 Alejandro Faurlin
10%
Argentina Portsmouth 2005-06 Andres D'Alessandro
10%
Chile Wigan 2012-13 Angelo Henriquez
10%
Brazil Middlesbrough 1995-97 Branco
10%
Uruguay West Brom 2013-14 Diego Lugano
10%
Brazil Middlesbrough 2002-06 Doriva
10%
Brazil Hull City 2016-17 Evandro
10%
Argentina Swansea 2011-12 Federico Bessone
10%
Colombia Middlesbrough 1998-2002 Hamilton Ricard
10%
Argentina Sunderland 2013-14 Ignacio Scocco
10%
Ecuador Swansea 2014-17 Jefferson Montero
10%
Colombia Wolves 2025-26 Jhon Arias
10%
Brazil Wolves 2018-19 Leo Bonatini
10%
Argentina Sunderland 2010-11 Marcos Angeleri
10%
Uruguay Southampton 2016-17 Martin Caceres
10%
Argentina Spurs 1998-2004 Mauricio Taricco
10%
Argentina Wigan 2010-11, 2012-13 Mauro Boselli
10%
Brazil West Ham 2014-15 Nene
10%
Peru Burnley 2025-present Oliver Sonne
10%
Colombia West Ham 2013-14 Pablo Armero
10%
Argentina West Brom 2014-15 Sebastian Blanco
10%
Argentina Ipswich 2001-02 Sixto Peralta
10%
Ecuador Aston Villa, Reading 2002-08 Ulises de la Cruz
10%
Brazil Wolves 2020-21 Willian Jose
10%
Colombia Middlesbrough 2016-17 Bernardo Espinosa
5%
Argentina Middlesbrough 1999-2004 Carlos Marinelli
5%
Chile Blackburn 2008-09 Carlos Villanueva
5%
Argentina Newcastle 2000-01 Daniel Cordone
5%
Argentina Everton 2011-12 Denis Stracqualursi
5%
Argentina Derby 2007-08 Emmanuel Villa
5%
Argentina Fulham 2002-04 Facundo Sava
5%
Brazil Newcastle 1999-2000 Fumaca
5%
Brazil Man City 2008-09 Glauber
5%
Chile West Brom 2010-12 Gonzalo Jara
5%
Uruguay Crystal Palace, Charlton 2004-07 Gonzalo Sorondo
5%
Brazil Southampton 2012-14 Guly do Prado
5%
Argentina Derby 1998-2002 Horacio Carbonari
5%
Colombia Leeds 2020-21 Ian Poveda
5%
Argentina Watford 2019-20 Ignacio Pussetto
5%
Brazil West Ham 2009-10 Ilan
5%
Brazil Coventry 1995-97 Isaias
5%
Ecuador Crystal Palace 2004-05 Ivan Kaviedes
5%
Colombia Portsmouth 2005-06 Jhon Viafara
5%
Argentina West Brom 2008-09 Juan Carlos Menseguez
5%
Argentina Sheff Wed 1998-99 Juan Cobian
5%
Argentina West Ham 2005-06 Lionel Scaloni
5%
Uruguay Bournemouth 2022-23 Matias Vina
5%
Argentina Blackburn 2011-12 Mauro Formica
5%
Ecuador Sunderland 2025-present Nilson Angulo
5%
Uruguay Charlton 2006-07 Omar Pouso
5%
Brazil Birmingham 2007-08 Rafael Schmitz
5%
Brazil Watford 2021-22 Samir
5%
Ecuador Everton, Wolves 2008-10 Segundo Castillo
5%
Colombia Watford 2015-16 Victor Ibarbo
5%
Uruguay Birmingham 2004-06 Walter Pandiani
5%
Brazil QPR 2011-12 Bruno Perone
0%
Paraguay Sunderland 2010-11 Cristian Riveros
0%
Paraguay Newcastle 1999-2001 Diego Gavilan
0%
Peru Burnley 2009-10 Diego Penny
0%
Brazil Watford 2006-07 Douglas Rinaldi
0%
Argentina Derby 1999-2000 Esteban Fuertes
0%
Ecuador Watford 2015-16 Juan Carlos Paredes
0%
Argentina Derby 2001-02 Luciano Zavagno
0%
No matching quizzes found
Score Distribution
Percent of People with Each Score
Percentile by Number Answered
Your Score History
You have not taken this quiz since the last reset